[Event "33. Senioren LEM Sachsen-Anhalt 65+"]
[Site "Maritim-Hotel Magdeburg"]
[Date "2025.07.07"]
[Round "1.28"]
[White "Barten, Ralf"]
[Black "Schwenke, Norbert"]
[Result "1-0"]
[WhiteElo "1955"]
[BlackElo "1747"]
[PlyCount "35"]
[EventDate "2025.07.07"]
[WhiteTeam "SV Schwarz-Weiss Remscheid"]
[BlackTeam "SG Gruen-Weiss Dahlenwarsleben"]

1. Nf3 c5 2. c4 d5 3. cxd5 Nf6 4. g3 Bf5 5. Bg2 Nbd7 6. Nc3 a6 7. Nh4 Bg6 8.
O-O Ne5 9. f4 Neg4 10. e4 Bh5 11. Bf3 Qb6 12. Kg2 c4 13. h3 Nf2 14. Rxf2 Bxf3+
15. Nxf3 g6 16. Ne5 Qd4 17. Nf3 Nxe4 18. Nxd4 1-0

[Event "33. Senioren LEM Sachsen-Anhalt 65+"]
[Site "Maritim-Hotel Magdeburg"]
[Date "2025.07.07"]
[Round "1.29"]
[White "Bernhardt, Eduard"]
[Black "Fabig, Holger"]
[Result "0-1"]
[WhiteElo "1741"]
[BlackElo "1955"]
[PlyCount "56"]
[EventDate "2025.07.07"]
[WhiteTeam "VfB Ottersleben"]
[BlackTeam "SK Marmstorf GW Harburg"]

1. d4 e6 2. e4 b6 3. Nc3 Bb7 4. Be3 Bb4 5. a3 Bxc3+ 6. bxc3 Bxe4 7. Nf3 f5 8.
Ne5 Nf6 9. Bd3 O-O 10. h4 d6 11. Nf3 Qe7 12. Bc4 h6 13. h5 Kh7 14. Nh4 Qf7 15.
Ng6 Re8 16. Nf4 Nbd7 17. f3 Nd5 18. Bd2 Nxf4 19. Bxf4 Bd5 20. Bxd5 exd5+ 21.
Kf2 Re7 22. Qd3 Rae8 23. g4 Re2+ 24. Kg3 Kg8 25. gxf5 Nf6 26. Be5 Nxh5+ 27. Kh4
dxe5 28. Qxe2 Qf6+ 0-1

[Event "33. Senioren LEM Sachsen-Anhalt 65+"]
[Site "Maritim-Hotel Magdeburg"]
[Date "2025.07.07"]
[Round "1.30"]
[White "Heise, Juergen"]
[Black "Hurek, Werner"]
[Result "1-0"]
[WhiteElo "1947"]
[BlackElo "1738"]
[PlyCount "67"]
[EventDate "2025.07.07"]
[WhiteTeam "Schachverein Freibauer Barleben"]
[BlackTeam "SC 1924 Lampertheim"]

1. b3 Nf6 2. Bb2 d6 3. f4 g6 4. Nf3 Bg7 5. e3 O-O 6. d4 Bg4 7. h3 Bxf3 8. Qxf3
c6 9. Bd3 Nbd7 10. O-O Nd5 11. a3 e6 12. c4 N5f6 13. Nd2 d5 14. Rac1 a5 15. g4
h6 16. Qg2 Nh7 17. Nf3 Qb6 18. Qc2 Rac8 19. h4 f5 20. h5 fxg4 21. hxg6 Nhf6 22.
Ne5 Nxe5 23. fxe5 Nd7 24. Kg2 Rf3 25. Rxf3 gxf3+ 26. Kxf3 Rf8+ 27. Ke2 Qd8 28.
Rf1 Qh4 29. Rxf8+ Kxf8 30. cxd5 Qh2+ 31. Kd1 Qg1+ 32. Kd2 Qf2+ 33. Be2 c5 34.
dxe6 1-0

[Event "33. Senioren LEM Sachsen-Anhalt 65+"]
[Site "Maritim-Hotel Magdeburg"]
[Date "2025.07.07"]
[Round "1.31"]
[White "Reicherter, Hermann"]
[Black "Haelsig, Guenter"]
[Result "1/2-1/2"]
[WhiteElo "1735"]
[BlackElo "1945"]
[PlyCount "61"]
[EventDate "2025.07.07"]
[WhiteTeam "SC Grunbach"]
[BlackTeam "USV Potsdam"]

1. e4 Nf6 2. Nc3 d5 3. exd5 Nxd5 4. Nxd5 Qxd5 5. Nf3 Nc6 6. c3 e5 7. d3 Bf5 8.
Be2 O-O-O 9. O-O Bxd3 10. Be3 Be7 11. Bxd3 Qxd3 12. Qa4 a6 13. Rad1 Qb5 14.
Qg4+ Kb8 15. Rxd8+ Rxd8 16. Qxg7 f5 17. Bg5 Bxg5 18. Qxg5 Qe2 19. h4 f4 20. h5
Rd1 21. Rxd1 Qxd1+ 22. Kh2 Qe2 23. Qg8+ Ka7 24. Qxh7 e4 25. Nd4 Nxd4 26. cxd4
f3 27. Qxc7 Qxf2 28. Qc5+ Kb8 29. Qf8+ Kc7 30. Qc5+ Kb8 31. Qf8+ 1/2-1/2

[Event "33. Senioren LEM Sachsen-Anhalt 65+"]
[Site "Maritim-Hotel Magdeburg"]
[Date "2025.07.07"]
[Round "1.32"]
[White "Lehr, Thomas"]
[Black "Zimmer, Franz"]
[Result "1-0"]
[WhiteElo "1944"]
[BlackElo "1727"]
[PlyCount "81"]
[EventDate "2025.07.07"]
[WhiteTeam "Husumer SV von 1898"]
[BlackTeam "SG Trier 1877"]

1. e4 e6 2. d4 d5 3. Nd2 c5 4. exd5 exd5 5. Bb5+ Nc6 6. Qe2+ Qe7 7. dxc5 Qxe2+
8. Nxe2 Bxc5 9. Nb3 Bb6 10. Nbd4 Bd7 11. Be3 Nf6 12. c3 Bc7 13. h3 O-O 14. O-O
Rfe8 15. Rad1 Rad8 16. Rfe1 Ne5 17. Bxd7 Rxd7 18. Nb3 b6 19. Nbd4 Nc4 20. Bc1
Rde7 21. b3 Nd6 22. Ba3 Re4 23. Kf1 Nc8 24. Nf5 R4e5 25. Ne3 b5 26. Nf4 Nb6 27.
Bc5 Re4 28. Nd3 a6 29. Nb4 a5 30. Bxb6 Bxb6 31. Nbxd5 Nxd5 32. Nxd5 Rxe1+ 33.
Rxe1 Rxe1+ 34. Kxe1 Bc5 35. Ke2 Kf8 36. Nc7 b4 37. cxb4 axb4 38. Na6 Bd6 39.
Kd3 Bh2 40. Nxb4 Bg1 41. Ke2 1-0

[Event "33. Senioren LEM Sachsen-Anhalt 65+"]
[Site "Maritim-Hotel Magdeburg"]
[Date "2025.07.07"]
[Round "1.33"]
[White "Watermann, Bernd"]
[Black "Niebuhr, Gerd"]
[Result "0-1"]
[WhiteElo "1726"]
[BlackElo "1940"]
[PlyCount "32"]
[EventDate "2025.07.07"]
[WhiteTeam "Sf Barsinghausen"]
[BlackTeam "Freibauer Wedemark"]

1. d4 Nf6 2. e3 c5 3. f4 cxd4 4. exd4 g6 5. Nf3 Bg7 6. Bd3 O-O 7. O-O d6 8. c3
Nc6 9. Be3 Nd5 10. Re1 Nxe3 11. Rxe3 e5 12. fxe5 dxe5 13. dxe5 Qb6 14. Nd4 Nxd4
15. cxd4 Qxd4 16. Qe2 Bh6 0-1

[Event "33. Senioren LEM Sachsen-Anhalt 65+"]
[Site "Maritim-Hotel Magdeburg"]
[Date "2025.07.07"]
[Round "1.34"]
[White "Poetke, Dan-Peter"]
[Black "Winkler, Georg"]
[Result "1-0"]
[WhiteElo "1936"]
[BlackElo "1724"]
[PlyCount "81"]
[EventDate "2025.07.07"]
[WhiteTeam "Burger Schachclub Schwarz-Weiss"]
[BlackTeam "SV Apelnstedt"]

1. d4 Nf6 2. Nf3 g6 3. Bf4 Bg7 4. c3 O-O 5. e3 d6 6. h3 c5 7. Nbd2 cxd4 8. exd4
Nd5 9. Bh2 Nc6 10. Bc4 Nb6 11. Be2 e5 12. dxe5 dxe5 13. O-O Be6 14. Bb5 f6 15.
Ne4 Qe7 16. Qd6 Qf7 17. Rfd1 Rfd8 18. Qc5 Bf8 19. Qe3 Bxa2 20. Rxd8 Rxd8 21.
Bg3 Bc4 22. Nxf6+ Qxf6 23. Bh4 Qd6 24. Bxc6 bxc6 25. Bxd8 Qxd8 26. Nxe5 Bd5 27.
Nxc6 Qf6 28. Nd4 Nc4 29. Qe2 Bc5 30. Re1 Bxd4 31. cxd4 Qxd4 32. Qe8+ Kg7 33.
Re7+ Kh6 34. Qf8+ Kg5 35. Qd8 Kh6 36. Qd7 Kg5 37. h4+ Kxh4 38. Rxh7+ Kg5 39.
Qe7+ Qf6 40. f4+ Kf5 41. g4+ 1-0

[Event "33. Senioren LEM Sachsen-Anhalt 65+"]
[Site "Maritim-Hotel Magdeburg"]
[Date "2025.07.07"]
[Round "1.35"]
[White "Langner, Hans-Rainer"]
[Black "Dobierzin, Olaf"]
[Result "0-1"]
[WhiteElo "1721"]
[BlackElo "1932"]
[PlyCount "72"]
[EventDate "2025.07.07"]
[WhiteTeam "TSV Mariendorf 1897"]
[BlackTeam "Schachgemeinschaft Leipzig"]

1. d4 Nf6 2. Nf3 g6 3. c4 Bg7 4. Nc3 O-O 5. e4 d6 6. Be2 e5 7. dxe5 dxe5 8. O-O
Qe7 9. Bg5 c6 10. h3 Nbd7 11. Qc2 a5 12. Rfd1 Nc5 13. Nh2 Ne6 14. Be3 Re8 15.
Rd2 Nd7 16. Rad1 Nd4 17. Qc1 a4 18. Bf1 Nc5 19. f3 Nde6 20. Rf2 h5 21. f4 exf4
22. Bxf4 Nxf4 23. Qxf4 a3 24. Bd3 axb2 25. Rc2 Nxd3 26. Qd2 Ne5 27. Ne2 Be6 28.
c5 Nc4 29. Rxc4 Bxc4 30. Nc3 Qxc5+ 31. Kh1 Qb4 32. Qf4 Qxc3 33. Nf3 Rxa2 34.
Rd7 b1=Q+ 35. Kh2 Be5 36. Nxe5 Qxe5 0-1

[Event "33. Senioren LEM Sachsen-Anhalt 65+"]
[Site "Maritim-Hotel Magdeburg"]
[Date "2025.07.07"]
[Round "1.36"]
[White "Ehlert, Horst"]
[Black "Ogrisek, Gerd"]
[Result "1-0"]
[WhiteElo "1928"]
[BlackElo "1714"]
[PlyCount "69"]
[EventDate "2025.07.07"]
[WhiteTeam "SV Laatzen"]
[BlackTeam "SV Rochade Magdeburg"]

1. c4 e6 2. g3 d5 3. Bg2 c5 4. Nf3 Nf6 5. O-O Nc6 6. cxd5 exd5 7. d4 Be7 8. Nc3
O-O 9. a3 Be6 10. dxc5 Bxc5 11. b4 Be7 12. Bb2 Qd7 13. Nd4 Bh3 14. Nxc6 bxc6
15. Rc1 Bxg2 16. Kxg2 Rac8 17. Na4 Rfd8 18. Nc5 Bxc5 19. Bxf6 Be7 20. Bd4 a6
21. Rc2 Qe6 22. Qd3 Qe4+ 23. Qxe4 dxe4 24. e3 Bf6 25. Bxf6 gxf6 26. Rfc1 Rd6
27. Rc4 Re6 28. g4 Kg7 29. Kg3 Kg6 30. Kf4 h5 31. gxh5+ Kxh5 32. Rxe4 Rce8 33.
Rxe6 Rxe6 34. Rc5+ Kg6 35. Ra5 1-0

[Event "33. Senioren LEM Sachsen-Anhalt 65+"]
[Site "Maritim-Hotel Magdeburg"]
[Date "2025.07.07"]
[Round "1.37"]
[White "Grube, Kurt"]
[Black "Hess, Juergen"]
[Result "1-0"]
[WhiteElo "1706"]
[BlackElo "1928"]
[PlyCount "53"]
[EventDate "2025.07.07"]
[WhiteTeam "SG Osnabrueck"]
[BlackTeam "SG Arnstadt-Stadtilm"]

1. c4 Nf6 2. Nf3 e6 3. Nc3 d5 4. e3 c5 5. cxd5 exd5 6. Be2 Be7 7. O-O O-O 8. d4
Nc6 9. b3 Ne4 10. Bb2 Bf6 11. Nxe4 dxe4 12. Nd2 Re8 13. Qc2 cxd4 14. Nxe4 Be5
15. Rfd1 Bxh2+ 16. Kxh2 Qh4+ 17. Kg1 Qxe4 18. Qxe4 Rxe4 19. Bf3 Re6 20. exd4
Rd6 21. d5 Nb4 22. a3 Nc2 23. Rac1 Bf5 24. Rd2 Rc8 25. Bd1 Ne1 26. Rxc8+ Bxc8
27. Re2 1-0

[Event "33. Senioren LEM Sachsen-Anhalt 65+"]
[Site "Maritim-Hotel Magdeburg"]
[Date "2025.07.07"]
[Round "1.38"]
[White "Klettke, Wolfgang"]
[Black "Kuehne, Juergen"]
[Result "1-0"]
[WhiteElo "1924"]
[BlackElo "1691"]
[PlyCount "21"]
[EventDate "2025.07.07"]
[WhiteTeam "SV Caissa Wolfenbuettel"]
[BlackTeam "SV Irxleben 1919"]

1. e4 c5 2. Nf3 Nc6 3. c3 Nf6 4. e5 Ng4 5. d4 cxd4 6. cxd4 d5 7. Bd3 g6 8. Bg5
Qb6 9. Qd2 Nxd4 10. Nxd4 Qxd4 11. Bb5+ 1-0

[Event "33. Senioren LEM Sachsen-Anhalt 65+"]
[Site "Maritim-Hotel Magdeburg"]
[Date "2025.07.07"]
[Round "1.39"]
[White "Stratmann, Alois"]
[Black "Krieg, Peter"]
[Result "0-1"]
[WhiteElo "1681"]
[BlackElo "1924"]
[PlyCount "82"]
[EventDate "2025.07.07"]
[WhiteTeam "Schachverein Ahlen 1954"]
[BlackTeam "SV Einheit Schwerin"]

1. Nf3 Nf6 2. b3 g6 3. Bb2 Bg7 4. e3 O-O 5. Be2 b6 6. O-O Bb7 7. d4 d6 8. Nbd2
Nbd7 9. c4 Re8 10. Qc1 Rc8 11. Qc2 e6 12. Rac1 c5 13. Qb1 d5 14. Rfe1 Ne4 15.
cxd5 exd5 16. Nxe4 dxe4 17. Nd2 Qg5 18. Nf1 cxd4 19. Rxc8 Rxc8 20. Bxd4 Bxd4
21. exd4 Nf6 22. Ne3 Nd5 23. Bc4 Nf4 24. Bf1 Nh3+ 25. Kh1 Nxf2+ 26. Kg1 Ng4 27.
Nxg4 Qxg4 28. Bc4 Rd8 29. Qb2 Qd7 30. Qf2 Qxd4 31. Bxf7+ Kg7 32. Bc4 Qxf2+ 33.
Kxf2 Rd2+ 34. Re2 Rxe2+ 35. Kxe2 Kf6 36. Ke3 Ke5 37. b4 Bd5 38. Bb3 Bxb3 39.
axb3 b5 40. h4 h6 41. g3 h5 0-1

[Event "33. Senioren LEM Sachsen-Anhalt 65+"]
[Site "Maritim-Hotel Magdeburg"]
[Date "2025.07.07"]
[Round "1.40"]
[White "Krien, Hartmut"]
[Black "Wetterling, Manfred"]
[Result "1-0"]
[WhiteElo "1924"]
[BlackElo "1663"]
[PlyCount "61"]
[EventDate "2025.07.07"]
[WhiteTeam "Schachklub Heidenau"]
[BlackTeam "Schachgemeinschaft Leipzig"]

1. e4 e5 2. Nf3 Nc6 3. Bb5 Nf6 4. O-O Nxe4 5. Re1 Nd6 6. Nxe5 Nxe5 7. Rxe5+ Be7
8. Bf1 O-O 9. c4 Bf6 10. Re1 Nf5 11. Nc3 Nd4 12. Ne2 b6 13. Nxd4 Bxd4 14. Qf3
Qf6 15. Qxf6 Bxf6 16. Rb1 Bb7 17. d3 Rae8 18. Be3 Re6 19. d4 Be4 20. Rbc1 d6
21. b4 a5 22. d5 Ree8 23. f3 Bf5 24. c5 Bb2 25. Rc4 axb4 26. cxd6 cxd6 27. Bd2
Rxe1 28. Bxe1 Bc3 29. Bxc3 bxc3 30. Rxc3 Rc8 31. Rb3 1-0

[Event "33. Senioren LEM Sachsen-Anhalt 65+"]
[Site "Maritim-Hotel Magdeburg"]
[Date "2025.07.07"]
[Round "1.41"]
[White "Wulff, Ruediger"]
[Black "Domsgen, Bernd"]
[Result "1-0"]
[WhiteElo "1654"]
[BlackElo "1922"]
[PlyCount "53"]
[EventDate "2025.07.07"]
[WhiteTeam "Flechtinger Sportverein"]
[BlackTeam "Burger Schachclub Schwarz-Weiss"]

1. d4 Nf6 2. c4 g6 3. Nc3 Bg7 4. e4 d6 5. h3 O-O 6. Nf3 Nbd7 7. Be3 Re8 8. e5
dxe5 9. dxe5 Nh5 10. g4 Nxe5 11. Nxe5 Qxd1+ 12. Rxd1 Bxe5 13. gxh5 gxh5 14.
Rg1+ Kh8 15. Bd4 Bxd4 16. Rxd4 Bf5 17. Bg2 c6 18. Ke2 e5 19. Rd6 Rad8 20. Rxd8
Rxd8 21. Rd1 Rg8 22. Bf3 Bxh3 23. Ke3 Bg4 24. Ne4 f5 25. Nf6 Rg5 26. Bxg4 hxg4
27. Rd7 1-0

[Event "33. Senioren LEM Sachsen-Anhalt 65+"]
[Site "Maritim-Hotel Magdeburg"]
[Date "2025.07.07"]
[Round "1.42"]
[White "Schwis, Joachim"]
[Black "Webel, Hartmut"]
[Result "1-0"]
[WhiteElo "1922"]
[BlackElo "1652"]
[PlyCount "71"]
[EventDate "2025.07.07"]
[WhiteTeam "Schachklub Koeln-Suedwest"]
[BlackTeam "Krostitzer SV"]

1. c4 e5 2. Nf3 Nc6 3. e3 Nf6 4. Be2 Be7 5. O-O O-O 6. Nc3 d5 7. cxd5 Nxd5 8.
a3 Nxc3 9. bxc3 a6 10. a4 Bd7 11. Qc2 Bf6 12. Ba3 Re8 13. d4 exd4 14. cxd4 Ne7
15. Rac1 c6 16. e4 g6 17. h3 Be6 18. Rfd1 Qb6 19. Rb1 Qd8 20. Ne5 Bxe5 21. dxe5
Qc7 22. Bd6 Qc8 23. a5 Rd8 24. Qb2 Rd7 25. Qb4 Qd8 26. Bxe7 Qxe7 27. Rxd7 Qxd7
28. Qxb7 Qd8 29. Rd1 Qe8 30. Bxa6 Rb8 31. Qc7 Kg7 32. Bb7 c5 33. a6 Bc8 34.
Qxb8 Qa4 35. Qd6 Bxb7 36. axb7 1-0

[Event "33. Senioren LEM Sachsen-Anhalt 65+"]
[Site "Maritim-Hotel Magdeburg"]
[Date "2025.07.07"]
[Round "1.43"]
[White "Ketelsen, Herbert"]
[Black "Baerthel, Klaus"]
[Result "0-1"]
[WhiteElo "1648"]
[BlackElo "1918"]
[PlyCount "50"]
[EventDate "2025.07.07"]
[WhiteTeam "SK Kaltenkirchen"]
[BlackTeam "Naumburger Sportverein 1951"]

1. e4 c5 2. d3 g6 3. c3 Bg7 4. g3 Nc6 5. Bg2 d6 6. Nf3 Nf6 7. O-O O-O 8. Nbd2
Rb8 9. Re1 Ng4 10. h3 Nge5 11. Nf1 b6 12. h4 Ba6 13. c4 Bc8 14. Rb1 b5 15. Re3
bxc4 16. dxc4 Nxc4 17. Re2 Ba6 18. Rc2 Na3 19. Re2 Bxe2 20. Qxe2 Nxb1 21. Qc2
Na3 22. Qe2 Nb5 23. N1d2 Nbd4 24. Qd3 Nxf3+ 25. Nxf3 Bxb2 0-1

[Event "33. Senioren LEM Sachsen-Anhalt 65+"]
[Site "Maritim-Hotel Magdeburg"]
[Date "2025.07.07"]
[Round "1.44"]
[White "Gutt, Oswald"]
[Black "Briesemeister, Klaus"]
[Result "1-0"]
[WhiteElo "1909"]
[BlackElo "1640"]
[PlyCount "83"]
[EventDate "2025.07.07"]
[WhiteTeam "Bergische SF Bergisch Gladbach"]
[BlackTeam "SV Lingen"]

1. d4 Nf6 2. Nf3 d6 3. c4 g6 4. g3 Bg7 5. Bg2 O-O 6. O-O c5 7. Nc3 cxd4 8. Nxd4
Nbd7 9. b3 a6 10. Bb2 Nc5 11. h3 Qc7 12. Rc1 Rd8 13. b4 Ne6 14. Nd5 Qb8 15.
Nxe7+ Kf8 16. Nxc8 Qxc8 17. Nxe6+ fxe6 18. Qb3 Qd7 19. Rfd1 Rac8 20. Qf3 Ke7
21. c5 d5 22. Be5 Ne8 23. Qf4 Bxe5 24. Qxe5 Nf6 25. Bxd5 Nxd5 26. Qg7+ Ke8 27.
Qg8+ Ke7 28. Qxh7+ Kf6 29. Qh4+ Kg7 30. e4 Qe7 31. exd5 Qxh4 32. gxh4 exd5 33.
Rd4 Kf6 34. Re1 Rc6 35. Red1 Ke5 36. f4+ Kf5 37. Kf2 Ke6 38. Re1+ Kf6 39. Re5
Rh8 40. Kg3 Rh5 41. Rxh5 gxh5 42. Rxd5 1-0

[Event "33. Senioren LEM Sachsen-Anhalt 65+"]
[Site "Maritim-Hotel Magdeburg"]
[Date "2025.07.07"]
[Round "1.45"]
[White "Schiefer, Joerg"]
[Black "Domroese, Michael"]
[Result "0-1"]
[WhiteElo "1637"]
[BlackElo "1904"]
[PlyCount "56"]
[EventDate "2025.07.07"]
[WhiteTeam "USC Magdeburg"]
[BlackTeam "SC Norbertus Magdeburg"]

1. c4 g6 2. d4 Bg7 3. Nf3 c5 4. g3 cxd4 5. Nxd4 Nc6 6. Nxc6 bxc6 7. Bg2 Rb8 8.
Nc3 Qa5 9. Qc2 Bxc3+ 10. Qxc3 Qxc3+ 11. bxc3 Ba6 12. Be3 Rb7 13. Bd4 Nf6 14.
Bxf6 exf6 15. c5 Rb5 16. Kd2 Rxc5 17. Rab1 Ke7 18. Rb4 Ra5 19. a4 f5 20. e4 c5
21. Rb2 fxe4 22. Re1 f5 23. f3 d5 24. fxe4 dxe4 25. Ra1 Rd8+ 26. Ke3 Rd3+ 27.
Kf4 Kf6 28. g4 g5# 0-1

[Event "33. Senioren LEM Sachsen-Anhalt 65+"]
[Site "Maritim-Hotel Magdeburg"]
[Date "2025.07.07"]
[Round "1.46"]
[White "Wagner, Bernd"]
[Black "Ludwig, Richard"]
[Result "1-0"]
[WhiteElo "1902"]
[BlackElo "1631"]
[PlyCount "107"]
[EventDate "2025.07.07"]
[WhiteTeam "SV Aufbau Bernburg"]
[BlackTeam "SV Irxleben 1919"]

1. d4 Nf6 2. Nf3 e6 3. Bf4 d6 4. h3 h6 5. e3 Bd7 6. Be2 Be7 7. Nbd2 Nc6 8. O-O
O-O 9. c3 Nh7 10. Qc2 Ng5 11. Rad1 Nxf3+ 12. Nxf3 Bf6 13. Bh2 Qe8 14. e4 e5 15.
d5 Ne7 16. c4 Ng6 17. Qd2 Rd8 18. Qa5 Rc8 19. Qxa7 b6 20. b4 Qd8 21. Qa3 Ra8
22. Qb2 Ra4 23. Rd2 Qa8 24. Bd1 Ra3 25. Bb3 Ra7 26. Qc2 Ba4 27. Rfd1 Bxb3 28.
Qxb3 Qb7 29. Bg3 Rfa8 30. Rc2 Ra3 31. Qb1 Qa7 32. Rdd2 Be7 33. Rb2 Qa4 34. Ne1
Qd7 35. Nc2 R3a7 36. f3 Bg5 37. Re2 Nf4 38. Bxf4 Bxf4 39. Ne3 Ra3 40. Nf1 Qd8
41. Rb3 R3a7 42. Rc2 Qd7 43. c5 Qb5 44. Nd2 Bxd2 45. Rxd2 bxc5 46. bxc5 Qxc5+
47. Kh2 Qa5 48. Rb8+ Rxb8 49. Qxb8+ Kh7 50. Rc2 Ra8 51. Qxc7 Qxc7 52. Rxc7 Rxa2
53. Rxf7 Ra6 54. Rc7 1-0

[Event "33. Senioren LEM Sachsen-Anhalt 65+"]
[Site "Maritim-Hotel Magdeburg"]
[Date "2025.07.07"]
[Round "1.47"]
[White "Freitag, Ingo"]
[Black "Ellerbrock, Manfred"]
[Result "0-1"]
[WhiteElo "1625"]
[BlackElo "1894"]
[PlyCount "56"]
[EventDate "2025.07.07"]
[WhiteTeam "VfL Kalbe/Milde"]
[BlackTeam "SV Rochade Neuenstadt"]

1. e4 e5 2. Nf3 Nf6 3. d3 Nc6 4. Nc3 Bc5 5. Be2 d6 6. Na4 Bb6 7. Nxb6 axb6 8.
O-O h6 9. c3 O-O 10. h3 d5 11. exd5 Qxd5 12. b3 Bf5 13. Qc2 e4 14. Ne1 Rad8 15.
d4 e3 16. Bd3 exf2+ 17. Qxf2 Bxd3 18. Nxd3 Ne4 19. Qc2 Nxd4 20. Qb2 Nxb3 21.
Nf4 Qc5+ 22. Kh2 Nxa1 23. Qxa1 Qxc3 24. Bb2 Qg3+ 25. Kg1 Rd2 26. Rf3 Rxg2+ 27.
Nxg2 Qxf3 28. Bxg7 Rd8 0-1

[Event "33. Senioren LEM Sachsen-Anhalt 65+"]
[Site "Maritim-Hotel Magdeburg"]
[Date "2025.07.07"]
[Round "1.48"]
[White "Cordes, Lothar"]
[Black "Scholder, Helmut"]
[Result "1-0"]
[WhiteElo "1891"]
[BlackElo "1614"]
[PlyCount "67"]
[EventDate "2025.07.07"]
[WhiteTeam "SF Lilienthal von 1971"]
[BlackTeam "Schachklub Minden 08"]

1. d4 d5 2. c4 e6 3. Nc3 Nf6 4. Bg5 Bb4 5. Nf3 h6 6. Bxf6 Bxc3+ 7. bxc3 Qxf6 8.
e3 O-O 9. Bd3 Rd8 10. O-O Nd7 11. Qb3 c6 12. Rfe1 Rb8 13. Rad1 c5 14. cxd5 e5
15. dxe5 Nxe5 16. Nxe5 Qxe5 17. f4 Qf6 18. Qa3 Bg4 19. Be2 h5 20. Bxg4 hxg4 21.
Qxc5 b6 22. Qd4 Qh6 23. c4 Rbc8 24. g3 Rd6 25. e4 Qh5 26. e5 Rh6 27. Rd2 Qf5
28. d6 Re6 29. c5 b5 30. c6 Rxc6 31. d7 Rcd6 32. d8=Q+ Rxd8 33. Qxd8+ Kh7 34.
Qd3 1-0

[Event "33. Senioren LEM Sachsen-Anhalt 65+"]
[Site "Maritim-Hotel Magdeburg"]
[Date "2025.07.07"]
[Round "1.49"]
[White "Gieseke, Karl-Heinz"]
[Black "Just, Joachim"]
[Result "0-1"]
[WhiteElo "1594"]
[BlackElo "1887"]
[PlyCount "109"]
[EventDate "2025.07.07"]
[WhiteTeam "SG Schoeningen JFZ-I"]
[BlackTeam "SV Motor Zeitz"]

1. d4 g6 2. Nf3 Bg7 3. Bf4 d6 4. h3 c6 5. e3 f5 6. Nbd2 Nf6 7. Nb3 a5 8. a4 Na6
9. c3 Be6 10. Bd3 Qb6 11. Bc2 Ne4 12. O-O Bc4 13. Re1 O-O 14. Qc1 Rae8 15. Nbd2
Nxd2 16. Nxd2 Bf7 17. Bb1 e5 18. Bg5 h6 19. Bh4 g5 20. Bg3 Bg6 21. Nc4 Qc7 22.
Ba2 Kh7 23. Bb1 Nb8 24. Qc2 Re6 25. Qb3 Rfe8 26. Bc2 exd4 27. exd4 Rxe1+ 28.
Rxe1 Rxe1+ 29. Kh2 f4 30. Bxg6+ Kxg6 31. Qc2+ Kf7 32. Qf5+ Kg8 33. Qxa5 fxg3+
34. fxg3 Qxa5 35. Nxa5 b6 36. Nb7 Bf8 37. Nd8 Re8 38. Nb7 d5 39. a5 bxa5 40.
Nxa5 c5 41. h4 g4 42. Nb3 Nd7 43. Kg1 Re2 44. dxc5 Bxc5+ 45. Kf1 Rxb2 46. Nxc5
Nxc5 47. Kg1 Ne4 48. Kh2 Nxc3 49. h5 d4 50. Kg1 d3 51. Kh2 d2 52. Kg1 Ne2+ 53.
Kh2 Nxg3 54. Kg1 d1=Q+ 55. Kh2 0-1

[Event "33. Senioren LEM Sachsen-Anhalt 65+"]
[Site "Maritim-Hotel Magdeburg"]
[Date "2025.07.07"]
[Round "1.50"]
[White "Buss, Heiko"]
[Black "Hensch, Frank"]
[Result "1-0"]
[WhiteElo "1886"]
[BlackElo "1592"]
[PlyCount "115"]
[EventDate "2025.07.07"]
[WhiteTeam "Freibauer Wedemark"]
[BlackTeam "Postsportverein Magdeburg v 1926"]

1. e4 b6 2. Nc3 Bb7 3. Bc4 e6 4. d3 a6 5. a3 h6 6. Nf3 d6 7. O-O Nd7 8. Re1 g6
9. Be3 Bg7 10. Bd4 Bxd4 11. Nxd4 Ne5 12. Ba2 Qf6 13. Nde2 Qg5 14. f4 Nf3+ 15.
Kf2 Qh4+ 16. Kxf3 Nf6 17. h3 d5 18. Ng3 O-O-O 19. e5 Nh5 20. Nxh5 gxh5 21. d4
Rhg8 22. Ne2 Rg7 23. g3 Qxh3 24. Rh1 Qg4+ 25. Kf2 Rdg8 26. Qd3 Kb8 27. Rh4 Qg6
28. Rah1 Ka7 29. Rxh5 Qxd3 30. cxd3 Bc6 31. Rxh6 Bb5 32. Bb1 Be8 33. Rh8 Ba4
34. Rxg8 Rxg8 35. Rc1 Kb7 36. Bc2 Bc6 37. Rh1 Rg7 38. Kf3 Bd7 39. g4 Bc8 40. g5
Bd7 41. Rh6 a5 42. Ng3 Ka6 43. Nh5 Rg6 44. Rh7 Rg8 45. Nf6 Rd8 46. Rxf7 Be8 47.
Rxc7 Bg6 48. Rg7 Bf5 49. Rg8 Rxg8 50. Nxg8 Kb7 51. Ne7 Bh7 52. g6 Bxg6 53. Nxg6
Kc7 54. Nf8 b5 55. Nxe6+ Kd7 56. f5 Ke7 57. Nc5 b4 58. Bb3 1-0

[Event "33. Senioren LEM Sachsen-Anhalt 65+"]
[Site "Maritim-Hotel Magdeburg"]
[Date "2025.07.07"]
[Round "1.51"]
[White "Rosenkranz, Richard"]
[Black "Reimann, Reinhold"]
[Result "0-1"]
[WhiteElo "1592"]
[BlackElo "1879"]
[PlyCount "106"]
[EventDate "2025.07.07"]
[WhiteTeam "Haldensleber Sportclub"]
[BlackTeam "Turn- u. SPORTGEM Calbe"]

1. e4 e6 2. Nc3 a6 3. Nf3 b5 4. a3 Bb7 5. d3 Be7 6. g3 c5 7. d4 cxd4 8. Qxd4
Bf6 9. Qd3 Nc6 10. Bh3 Nge7 11. O-O Ng6 12. Qe3 Nce5 13. Nxe5 Bxe5 14. f4 Bc7
15. Kg2 Bb6 16. Qd3 O-O 17. f5 Ne5 18. Qe2 Rc8 19. f6 g6 20. Bf4 Qxf6 21. Be3
Qd8 22. Bxb6 Qxb6 23. Kh1 f5 24. Bg2 Ng4 25. Rf4 Qe3 26. Qxe3 Nxe3 27. Kg1 Rxc3
28. bxc3 Nxg2 29. Kxg2 Bxe4+ 30. Kg1 Rc8 31. Rd1 d5 32. g4 Rxc3 33. gxf5 exf5
34. Rf2 Rxa3 35. Rfd2 Kg7 36. h4 Rg3+ 37. Kh2 Rc3 38. Rc1 Kf6 39. Ra1 Rc6 40.
Kg3 Ke5 41. Ra3 h5 42. c3 f4+ 43. Kf2 Kf5 44. Kg1 f3 45. Kh2 Kg4 46. Ra1 Kxh4
47. Kg1 Kg3 48. Ra3 b4 49. Ra1 bxc3 50. Rf2 c2 51. Rc1 d4 52. Rd2 d3 53. Kf1
Rb6 0-1

[Event "33. Senioren LEM Sachsen-Anhalt 65+"]
[Site "Maritim-Hotel Magdeburg"]
[Date "2025.07.07"]
[Round "1.52"]
[White "Matthews, Gabriel"]
[Black "Gaul, Karl-Heinz"]
[Result "1-0"]
[WhiteElo "1877"]
[BlackElo "1588"]
[PlyCount "39"]
[EventDate "2025.07.07"]
[BlackTeam "SC Schwarz-Weiss Lichtenrade"]

1. d4 d5 2. Nf3 Nf6 3. e3 Bf5 4. c4 e6 5. Qb3 Qc8 6. Nc3 c6 7. Nh4 Bg4 8. f3
Bh5 9. g4 g5 10. gxh5 gxh4 11. e4 Nxh5 12. Be3 a5 13. O-O-O Be7 14. Kb1 Qc7 15.
cxd5 exd5 16. exd5 Nf4 17. dxc6 Qxc6 18. Bb5 Ng6 19. Bxc6+ bxc6 20. Qb7 1-0

[Event "33. Senioren LEM Sachsen-Anhalt 65+"]
[Site "Maritim-Hotel Magdeburg"]
[Date "2025.07.07"]
[Round "1.53"]
[White "Suliga, Eckhard"]
[Black "Winkler, Karl"]
[Result "0-1"]
[WhiteElo "1585"]
[BlackElo "1877"]
[PlyCount "106"]
[EventDate "2025.07.07"]
[WhiteTeam "SC Turm Lueneburg"]
[BlackTeam "SG Eintracht Neubrandenburg"]

1. e4 e5 2. Nf3 Nc6 3. Bb5 Nf6 4. O-O Nxe4 5. d4 Nd6 6. Bxc6 dxc6 7. dxe5 Nf5
8. Bg5 Qxd1 9. Rxd1 Bd7 10. Nbd2 h6 11. Bf4 O-O-O 12. h3 g5 13. Bh2 Bg7 14. Ne4
Be6 15. a3 Rd5 16. Nc3 Rxd1+ 17. Rxd1 Rd8 18. Rxd8+ Kxd8 19. Ne4 Bd5 20. Ned2
Ne7 21. c4 Bxf3 22. Nxf3 c5 23. Kf1 Kd7 24. Ke2 Ke6 25. Kd3 c6 26. b3 b5 27. a4
a6 28. Ke4 Nc8 29. a5 Bf8 30. Ne1 Ne7 31. g4 Ng6 32. Nd3 Be7 33. f3 Nf8 34. f4
Kd7 35. f5 Kc8 36. f6 Bd8 37. Nxc5 Bxa5 38. Kf5 Bb6 39. Nxa6 Ne6 40. cxb5 cxb5
41. Nb4 Nd4+ 42. Ke4 Nxb3 43. Kd5 Kd7 44. Nd3 Nd2 45. Bg3 Nf1 46. Be1 Ne3+ 47.
Ke4 Ke6 48. h4 Nxg4 49. Kf3 Nxe5+ 50. Nxe5 Kxe5 51. Bc3+ Kf5 52. hxg5 hxg5 53.
Bb2 Bd8 0-1